| 000 | 00489nam a2200145Ia 4500 | ||
|---|---|---|---|
| 008 | 170221s9999 xx 000 0 und d | ||
| 100 | _aBaryeh, Loretta. | ||
| 245 | _aContrarian insider trading and earnings management around seasoned equity offerings; SEOs | ||
| 245 | _cLoretta Baryeh, Towson University. | ||
| 260 | _bJournal of Management and Marketing Research | ||
| 260 | _c2014 | ||
| 300 | _a3 : 6 | ||
| 650 | _xBusiness | ||
| 856 | _uhttp://www.aabri.com/manuscripts/121182.pdf | ||
| 999 |
_c313204 _d313204 |
||